[Event "Olympiad Women 2024"]
[Site "Budapest HUN"]
[Date "2024.09.15"]
[Round "5.1"]
[Board "1"]
[White "Assaubayeva, Bibisara"]
[Black "Dronavalli, Harika"]
[Result "1-0"]
[WhiteElo "2482"]
[BlackElo "2502"]
[PlyCount "101"]
[EventDate "2024.09.11"]
[WhiteTeam "Kazakhstan"]
[BlackTeam "India"]
[WhiteTeamCountry "KAZ"]
[BlackTeamCountry "IND"]

1. e4 {Huzman,Alexander} e5 2. Nf3 Nf6 3. Nxe5 Nxe4 4. Qe2 Qe7 5. Qxe4 d6 6. d4 dxe5 7. dxe5 Nc6 8. Bf4 g5 9. Bd2 ({RR} 9. Bb5 Bd7 10. Bd2 f5 11. Qe2 O-O-O 12. O-O f4 ({RR} 12... Bg7) 13. Bc3) ({RR} 9. Be3 f5 10. Qd5 Nb4 ({RR} 10... Be6 11. Qd3 f4) 11. Qb3 f4 12. Bd4 Bf5 13. Na3 O-O-O) ({RR} 9. Bg3 f5 10. Qe3 f4) 9... f5 ({RR} 9... Nxe5 10. Nc3 f5 11. Qe2 Bg7 12. O-O-O Be6 13. Qh5+ Nf7 14. Bb5+ c6 15. Rhe1 O-O-O 16. Bc4 Rd6 17. f4) 10. Qe2 ({RR} 10. Qe3 f4 11. Qe4 Qxe5 12. Bd3 Bg7 13. Bc3 Qxe4+ 14. Bxe4 Nd4 15. Bxd4 Bxd4 16. c3 Bf6 17. Nd2 Bd7 18. O-O-O O-O-O 19. Nb3 b6 20. f3 c5 21. Rd6 Be7 22. Rh6 g4 23. Nd2 Bg5 24. Rxh7 Rxh7 {0-1 Mohylnyi,S (2125)-Jaskolka,T (2258) Wroclaw Open A 2024 (9.15)}) 10... Bg7 ({RR} 10... Be6 11. Qh5+ Bf7 12. Qxg5 Qxe5+ 13. Qe3 O-O-O 14. Qxe5 Nxe5 15. Be2 Rg8 16. Bc3 Re8) 11. Nc3 Be6 $146 ({RR} 11... Nd4 12. Qh5+ Qf7 13. Qxf7+ Kxf7 14. O-O-O f4 ({RR} 14... h6 15. f4) 15. Bxf4 ({RR} 15. Ne4 h6 16. Bc3 Nc6 17. Bc4+) 15... gxf4 16. Rxd4 Bxe5 17. Bc4+ Be6 ({RR} 17... Kg6 18. Re4 Bxc3 19. bxc3 Rf8 20. Rhe1) 18. Bxe6+ ({RR} 18. Re4 Bxc4 19. Rxe5) 18... Kxe6 19. Re1 Kf5 20. Rd5 Rhe8 21. g4+ Kf6 ({RR} 21... fxg3 22. hxg3 c6 23. Rc5 Kf6 24. Ne4+ Kg6) 22. g5+ Kf5 23. Nb5 Rac8 ({RR} 23... f3 24. Nxc7 Rad8 25. Rexe5+ Rxe5 26. Rxd8 Re1+ ({RR} 26... Re2 27. Rf8+ Kg4 28. h3+) 27. Rd1 Re2 28. Rf1) 24. Nd4+ Kxg5 25. Rdxe5+ Rxe5 26. Rxe5+ {1-0 Ye,J (2681)-Ni,H (2587) FIDE-Wch k.o. 2004 (2.7)}) ({RR} 11... Bxe5 12. O-O-O Be6 13. Qh5+ Qf7 14. Qxg5) 12. Qh5+ Bf7 13. Qxg5 Qxe5+ 14. Qe3 O-O-O 15. Qxe5 Nxe5 16. f4 Ng4 17. Bd3 Rhe8+ 18. Ne2 Bxb2 19. Rb1 Bd4 20. Kf1 Ne3+ 21. Bxe3 Bxe3 22. a4 Be6 23. h4 Bb6 24. Rh3 c5 25. Re3 Kc7 26. Bb5 Bd7 27. Rxe8 Bxe8 28. Bxe8 Rxe8 29. Ng3 Kc6 30. Nxf5 Re4 31. g3 Rxa4 32. Ne7+ Kd6 33. Nc8+ Kd5 34. Nxb6+ axb6 35. Rxb6 Ra2 36. f5 Ra3 37. Kf2 Ke4 38. f6 Rf3+ 39. Kg2 h5 40. Re6+ Kd5 41. Kxf3 Kxe6 42. c4 Kxf6 43. g4 hxg4+ 44. Kxg4 Kg6 45. h5+ Kh6 46. Kh4 Kg7 47. Kg5 Kf7 48. h6 Kg8 49. Kg6 Kh8 50. h7 b6 51. Kh6 1-0

[Event "Olympiad Women 2024"]
[Site "Budapest HUN"]
[Date "2024.09.15"]
[Round "5.1"]
[Board "3"]
[White "Balabayeva, Xeniya"]
[Black "Divya, Deshmukh"]
[Result "1/2-1/2"]
[WhiteElo "2335"]
[BlackElo "2483"]
[PlyCount "85"]
[EventDate "2024.09.11"]
[WhiteTeam "Kazakhstan"]
[BlackTeam "India"]
[WhiteTeamCountry "KAZ"]
[BlackTeamCountry "IND"]

1. d4 {Moradiabadi,Elshan} Nf6 2. Nf3 d5 3. Bf4 e6 4. e3 c5 5. c3 Nc6 6. Nbd2 cxd4 7. exd4 Nh5 8. Be3 ({RR} 8. Bg5 f6 9. Be3 Bd6 10. g3 O-O 11. Bg2 f5 12. Ne5 f4 13. Qxh5 fxe3 14. fxe3 Nxe5 ({RR} 14... Bxe5 15. dxe5) 15. dxe5 Bc5 16. Rf1 Bxe3 17. Rxf8+ Qxf8 18. Qf3 Qxf3 19. Nxf3 Bd7 20. Rd1 Rf8 21. c4 Bc6 22. Nd4 Bxd4) 8... Bd6 9. h3 $146 ({RR} 9. Ne5 g6 10. Bb5 Qc7 11. Qa4 O-O 12. g4 Ng7 13. Bxc6 bxc6 14. g5 Nf5 15. Ndf3 c5 16. Ng4 Be7 17. dxc5 Nxe3 18. fxe3 e5 19. Nfxe5 Bxg5 20. h4 Bxg4 21. Nxg4 Qg3+ 22. Ke2 Bxe3 23. Nxe3 Rfe8 {0-1 Dong,B (2143)-Jessel,S (2340) BCF-chT3N 1718 (4NCL) 2017 (2.31)}) ({RR} 9. Ne5 g6 10. g4 Ng7 11. h4 Nxe5 12. dxe5 Bxe5 13. Nf3 Bf6 14. h5 O-O 15. Qd2 d4 16. cxd4 b6 17. hxg6 fxg6 18. Ne5 Bb7 19. Rh3 Rc8 20. Be2 Bg2 21. Rg3 Bd5 22. Rh3 Bg2 23. Rg3 Be4 {½-½ Kamsky,G (2659)-Nakamura,H (2793) USA-ch Saint Louis 2017 (4)}) ({RR} 9. Bb5 g6 10. O-O O-O 11. Re1 a6 12. Bf1 b6 13. a4 Bb7 14. g3 Ng7 15. Bg5 f6 16. Bh6 Re8 17. Nh4 Qd7 18. Bh3 Qf7 19. Bxg7 Kxg7 20. Qb3 Bc7 21. Ng2 e5 22. dxe5 fxe5 23. Ne3 Rad8 {1-0 Sargsyan,S (2649)-Alekseev,E (2550) CrunchLab Masters Div 3 L 2024 (8.1)}) ({RR} 9. Ne5 g6 10. Nd3 Qc7 11. g3 f6 12. Bg2 Ng7 13. O-O Nf5 14. Bf4 e5 15. dxe5 fxe5 16. Re1 Nfe7 17. Bh6 Bf5 18. Qe2 O-O-O 19. a3 e4 20. Nb4 Ne5 21. Bf4 a5 22. Bxe5 Bxe5 23. Nc2 h5 {0-1 Studnicka,T (2316)-Husek,M (2132) Pardubice Czech op-E 33rd 2022 (7.4)}) 9... O-O 10. Bd3 Nf4 11. Bxf4 Bxf4 12. O-O Bd7 13. Qc2 g6 14. Rae1 Rc8 15. Qb1 Kg7 16. Re2 a5 17. Rfe1 a4 18. a3 Qb6 19. g3 Bd6 20. h4 Ne7 21. h5 Bb5 22. Nf1 Ng8 23. Ng5 Rce8 24. Nh2 Bxd3 25. Qxd3 Qd8 26. f4 Nf6 27. hxg6 hxg6 28. Nhf3 Ng4 29. Nxf7 Rxf7 30. Ng5 Rfe7 31. Nxe6+ Rxe6 32. Rxe6 Rxe6 33. Rxe6 Nf6 34. Qb5 Kf7 35. Re2 Qc8 36. Qxa4 Qg4 37. Rg2 Qf3 38. Qc2 Qe3+ 39. Qf2 Qc1+ 40. Qf1 Qe3+ 41. Qf2 Qc1+ 42. Qf1 Qe3+ 43. Qf2 1/2-1/2

[Event "Olympiad Women 2024"]
[Site "Budapest HUN"]
[Date "2024.09.15"]
[Round "5.2"]
[Board "3"]
[White "Terbe, Julianna"]
[Black "Blokhin, Sofia"]
[Result "1-0"]
[WhiteElo "2245"]
[BlackElo "2036"]
[PlyCount "65"]
[EventDate "2024.09.11"]
[WhiteTeam "Hungary"]
[BlackTeam "Estonia"]
[WhiteTeamCountry "HUN"]
[BlackTeamCountry "EST"]

1. d4 f5 2. c4 Nf6 3. Nf3 g6 4. g3 Bg7 5. Bg2 O-O 6. O-O d6 7. Nc3 c6 8. b3 Na6 9. Ba3 Ne4 $146 ({RR} 9... Rb8 10. e3 Bd7 11. Rb1 b5 12. cxb5 cxb5 13. b4 e6 14. Qd3 Qb6 15. Rbc1 Rbc8 16. Rfd1 Rc7 17. Nd2 Rfc8 18. Bf1 Rb8 19. Rc2 Rcc8 20. Rdc1 Nc7 21. Bb2 Ncd5 22. a3 a6 23. Bg2 Nxc3 24. Rxc3 {0-1 Coqueraut,J (1892)-Battiston,C (2027) Arco op 30th 2008 (8)}) ({RR} 9... Rb8 10. Qd3 Bd7 11. Rac1 Qa5 12. Bb2 Rbe8 13. a3 e5 14. b4 Qc7 15. dxe5 dxe5 16. e4 f4 17. Nb5 cxb5 18. cxb5 Qb8 19. bxa6 bxa6 20. Rc5 Bb5 21. Qb3+ Kh8 22. Bxe5 Rxe5 23. Nxe5 fxg3 24. hxg3 {0-1 Korobov,A (2680)-Bartel,M (2641) Wch Blitz 8th 2014 (7)}) ({RR} 9... Bd7 10. Re1 Ne4 11. Bb2 Nxc3 12. Bxc3 Nc5 13. Nd2 Ne6 14. e3 b5 15. Rc1 a5 16. cxb5 cxb5 17. Bxa8 Qxa8 18. d5 Qxd5 19. Bxg7 Kxg7 20. e4 fxe4 21. Nxe4 Nd4 22. f4 Rc8 23. Nc3 Qc5 24. Ne4 {0-1 Voege,T (2291)-Bartel,M (2647) Titled Tue 30th Apr Early 2024 (2)}) ({RR} 9... Qa5 10. Bb2 Ne4 11. Qc2 Nb4 12. Qb1 e5 13. dxe5 dxe5 14. a3 Na6 15. b4 Nxc3 16. Bxc3 Qc7 17. e4 fxe4 18. Ng5 e3 19. fxe3 Bf5 20. e4 Bg4 21. h3 Qe7 22. Nf3 Bxf3 23. Bxf3 Nc7 24. Qb2 {1-0 Leenhouts,K (2414)-Sipila,V (2402) Titled Arena May 8th blitz 2021}) ({RR} 9... Qa5 10. Qc1 Bd7 11. Nd2 Nb4 12. Bb2 Na6 13. a3 e5 14. b4 Qd8 15. dxe5 dxe5 16. c5 Be6 17. Nd1 e4 18. Nc4 Bxc4 19. Qxc4+ Qd5 20. Ne3 Qxc4 21. Nxc4 Nd5 22. Bxg7 Kxg7 23. f3 exf3 24. Bxf3 {½-½ Douven,R (2445)-Kuczynski,R (2450) Alma-Ata Almaty 1989 (4)}) 10. Qc2 Nxc3 11. Qxc3 c5 12. Rad1 Qb6 13. Qd2 Bd7 14. d5 Qd8 15. e4 fxe4 16. Ng5 h6 17. Ne6 Bxe6 18. dxe6 Rb8 19. Bxe4 Qc8 20. Rde1 b5 21. Bxg6 bxc4 22. Bf7+ Kh7 23. Qc2+ Kh8 24. Qxc4 Nb4 25. Bc1 Nxa2 26. Bxh6 Bxh6 27. Qh4 Rxf7 28. exf7 Qf8 29. Rxe7 Rb4 30. Qf6+ Kh7 31. Re8 Qg7 32. Qf5+ Qg6 33. Rh8+ 1-0

[Event "Olympiad Women 2024"]
[Site "Budapest HUN"]
[Date "2024.09.15"]
[Round "5.2"]
[Board "4"]
[White "Narva, Triin"]
[Black "Lazarne Vajda, Szidonia"]
[Result "0-1"]
[WhiteElo "2066"]
[BlackElo "2283"]
[PlyCount "100"]
[EventDate "2024.09.11"]
[WhiteTeam "Estonia"]
[BlackTeam "Hungary"]
[WhiteTeamCountry "EST"]
[BlackTeamCountry "HUN"]

1. e4 e5 2. Bc4 Nf6 3. d4 exd4 4. Nf3 Nc6 5. e5 d5 6. Bb5 Ne4 7. Nxd4 Bd7 8. Bxc6 bxc6 9. O-O Bc5 10. Be3 Bb6 11. f3 Ng5 12. f4 Ne4 13. Nd2 Nxd2 14. Qxd2 c5 15. Nf3 d4 16. Bf2 Bc6 17. Bh4 Qd7 18. Rad1 ({RR} 18. f5 Qxf5 19. Nxd4 Qd7 20. Nf3 c4+ 21. Bf2 Bxf3 22. Qxd7+ Kxd7 23. gxf3 Ke6 24. f4 Kf5 25. Rad1 Rad8 26. Kg2 Rxd1 27. Rxd1 Kxf4 28. Rd7 Kxe5 29. Rxf7 Rd8 30. Be1 Rd1 31. Rxg7 Kf5 32. Kf1 Rb1 {0-1 Koziorowicz,M (2288)-Kowalski,I (2373) Wroclaw Open A 2024 (9.4)}) 18... c4 $146 ({RR} 18... O-O 19. f5 Qxf5 20. Nxd4 Qd7 21. Nxc6 Qxc6 22. c4 Qe4 23. Qf4 Qxf4 24. Rxf4 Rae8 25. Re1 Re6 26. Rg4 Rfe8 27. Re3 f5 28. Rf4 Rxe5 29. Rxe5 Rxe5 30. Bg3 g6 31. Kf1 Kf7 32. Rh4 Re4 33. Rxh7+ {½-½ Jones,G (2670)-Amin,B (2686) ACP ChessBase KO blitz 2020 (2.1)}) ({RR} 18... O-O 19. f5 Qxf5 20. Nxd4 Qg4 21. Rf4 Qxg2+ 22. Qxg2 Bxg2 23. Kxg2 cxd4 24. Rg4 Kh8 25. Rd3 c5 26. Rf3 Rae8 27. Rfg3 Bc7 28. Ra3 Bxe5 29. Rxa7 f5 30. Rg5 g6 31. Kh3 Bb8 32. Ra3 Re4 33. Rg2 {0-1 Davila Laverde,P-Rincon Gonzalez,L (1971) Merida Rincon Gonzalez 1st B 2012 (5.1)}) ({RR} 18... O-O 19. f5 Qxf5 20. Nxd4 Qe4 21. Nxc6 c4+ 22. Kh1 Qxc6 23. Qd7 Qg6 24. Rf4 Qxc2 25. Be7 Rfe8 26. Rdf1 Qd3 27. e6 f5 28. Bg5 Qd6 29. Qf7+ Kh8 30. Rxf5 h6 31. e7 hxg5 32. Rxg5 g6 33. Rxg6 {1-0 Tiba,V (2266)-Malyi,V (2250) Mukachevo Rating 20th 2013 (5)}) 19. Nxd4 Qg4 20. Qf2 O-O 21. h3 Qh5 22. Kh2 Bb7 23. Qg3 Kh8 24. e6 f6 25. e7 Rfe8 26. Rfe1 Qf7 27. Qa3 c5 28. Nf5 Qg6 29. g4 h5 30. Qg3 Bc7 31. Re2 Bc8 32. Rd5 hxg4 33. hxg4 Bxf5 34. gxf5 Qh6 35. Kg1 Bxf4 36. Qg4 Be3+ 37. Kf1 Rxe7 38. Qg3 Bf4 39. Qf2 Rxe2 40. Kxe2 Re8+ 41. Kf3 Bc1 42. Kg2 Qh5 43. Bg3 Re2 44. Rxc5 Be3 45. Rc8+ Kh7 46. Qxe2 Qxe2+ 47. Kh3 Qxc2 48. Rc7 Qxf5+ 49. Kg2 Bb6 50. Re7 Qc2+ 0-1

[Event "Olympiad Women 2024"]
[Site "Budapest HUN"]
[Date "2024.09.15"]
[Round "5.4"]
[Board "3"]
[White "Nomin-Erdene, Davaademberel"]
[Black "Krush, Irina"]
[Result "1/2-1/2"]
[WhiteElo "2319"]
[BlackElo "2396"]
[PlyCount "87"]
[EventDate "2024.09.11"]
[WhiteTeam "Mongolia"]
[BlackTeam "United States of America"]
[WhiteTeamCountry "MGL"]

1. Nf3 c5 2. c4 Nc6 3. g3 g6 4. Bg2 Bg7 5. Nc3 d6 6. d3 Bf5 7. h3 ({RR} 7. Bd2 Qd7 8. h3 h6 9. e4 Be6 10. Rb1 Rb8 11. a3 a6 12. b4 cxb4 13. axb4 b5 14. cxb5 axb5 15. Nd5 g5 16. Qc1 Nf6 17. Bc3 O-O 18. Qb2 Bxd5 19. exd5 Na7 20. h4 g4 21. Nd4 e5 {1-0 Moussard,J (2571)-Cheparinov,I (2699) Gibraltar Masters 16th 2018 (7)}) ({RR} 7. Nh4 Bd7 8. Bd2 Qc8 9. h3 Nf6 10. Rb1 O-O 11. a3 Rb8 12. b4 b6 13. Nf3 Nd4 14. Nxd4 cxd4 15. Nb5 Bxb5 16. cxb5 Qf5 17. Qa4 Nd5 18. O-O Rbc8 19. Rbc1 Nc3 20. Bxc3 dxc3 21. Qxa7 Qxb5 {1-0 Terry,R (2521)-Ali,M (2358) Titled Tue 28th May Early 2024 (4)}) 7... e5 $146 ({RR} 7... h5 8. Be3 Nd4 9. Rb1 Qa5 10. Bd2 Qc7 11. b4 Nxf3+ 12. Bxf3 Bc8 13. Nd5 Qd7 14. bxc5 dxc5 15. Bf4 e5 16. Be3 Qd6 17. Qa4+ Bd7 18. Qa5 Rc8 19. Rxb7 {1-0 Kovacs,J (2142)-Gombocz,Z (1806) HUN-ch U14 Girls 2016 (4)}) ({RR} 7... Nf6 8. a3 a6 9. Bd2 O-O 10. Rb1 Rb8 11. b4 cxb4 12. axb4 b5 13. e4 Be6 14. cxb5 axb5 15. O-O h6 16. Ne2 d5 17. Nfd4 Bd7 18. Nxc6 Bxc6 19. e5 Nd7 20. e6 fxe6 21. Qc1 Rc8 22. Bxh6 {1-0 Volkov,S (2613)-Stella,A (2463) Ortisei Server24 op 2nd 2013 (3)}) ({RR} 7... Nf6 8. O-O O-O 9. Be3 e5 10. Qd2 Rb8 11. Bh6 a6 12. Nd5 Nxd5 13. Bxg7 Kxg7 14. cxd5 Ne7 15. b4 b6 16. e4 Bd7 17. Qc3 f6 18. bxc5 bxc5 19. Nd2 g5 20. Nc4 Qc7 21. Kh2 Ng6 22. Rfb1 {1-0 Pavlovic,M (2481)-Siva,M (2388) Kragujevac Sumarice GM 2015 (5)}) 8. Be3 Nge7 9. Qd2 h6 10. Rb1 Qd7 11. a3 Rd8 12. b4 b6 13. Qc1 Be6 14. Bd2 f5 15. h4 Kf8 16. O-O Kg8 17. e4 Kh7 18. Nd5 Rhf8 19. b5 Nb8 20. Nh2 Rde8 21. a4 Qd8 22. a5 Nxd5 23. exd5 Bc8 24. axb6 axb6 25. Ra1 Qc7 26. Ra8 Bb7 27. Ra7 Nd7 28. Qc2 Re7 29. Rfa1 Nf6 30. Bc3 Qd8 31. Qb2 Rff7 32. R7a3 Qf8 33. Qc2 Re8 34. Ra7 Rd7 35. Qb2 Qf7 36. Qc2 Kg8 37. Qb2 Rde7 38. Qc1 Kh8 39. Qd2 Kh7 40. Qc1 Kg8 41. R7a2 Kh7 42. Ra7 Bh8 43. R7a3 Bg7 44. Ra7 1/2-1/2

[Event "Olympiad Women 2024"]
[Site "Budapest HUN"]
[Date "2024.09.15"]
[Round "5.5"]
[Board "3"]
[White "Omonova, Umida"]
[Black "Batsiashvili, Nino"]
[Result "1/2-1/2"]
[WhiteElo "2032"]
[BlackElo "2461"]
[PlyCount "147"]
[EventDate "2024.09.11"]
[WhiteTeam "Uzbekistan"]
[BlackTeam "Georgia"]
[WhiteTeamCountry "UZB"]
[BlackTeamCountry "GEO"]

1. e4 {Marin,Mihail} e5 2. Nf3 Nc6 3. Bc4 Nf6 4. d3 Bc5 5. O-O d6 6. c3 O-O 7. Nbd2 a5 ({RR} 7... a6) 8. h3 ({RR} 8. Re1 a4 ({RR} 8... Ng4 9. Re2 Kh8 10. h3 Nh6 11. Nf1 f5 12. Bg5 Qe8 13. Bxh6 gxh6 14. d4) 9. Bb5 Bd7 10. Bxa4 Rxa4 11. Qxa4 Nb4 12. Qb3 Nxd3 13. Rf1 Nxf2) ({RR} 8. Bb5 Na7 9. Ba4 b5 10. Bc2 Nc6 11. a4 b4 12. h3 h6 13. Re1 Re8 14. Nc4 Be6 15. Ne3 d5 16. exd5 Nxd5 17. d4 exd4 18. cxd4 Bb6 ({RR} 18... Bf8 19. Qd3 g6 20. Ng4) 19. Qd3 g6 20. Ng4 ({RR} 20. Nxd5 Qxd5 21. Bxh6 Nxd4) ({RR} 20. Nc4 Bf5 21. Rxe8+ Qxe8 22. Qd2 Bxc2 23. Nxb6 Nxb6 24. Qxc2 Nxd4 25. Nxd4 Qe1+ 26. Kh2 Qe5+ 27. g3 Qxd4 28. Bxh6 Re8 29. Rd1 b3 30. Qxg6+ fxg6 31. Rxd4 Re2) 20... Bxg4 21. Rxe8+ Qxe8 22. hxg4 Nxd4 {RR} 23. Bxh6 Nxf3+ 24. Qxf3 Rd8) ({RR} 8. a4 h6 9. Re1 Ne7 10. d4 exd4 11. cxd4 Bb4) 8... Ba7 ({RR} 8... a4 9. Bb5 Bd7 ({RR} 9... a3 10. b4) 10. Bxa4 Rxa4 11. Qxa4 Nb4 12. Qd1 Nxd3 13. b4 Ba7 14. Qc2 Nxc1 15. Raxc1 Nh5 16. Kh2 Nf4) 9. Re1 Be6 10. Bb5 Ne7 11. Nf1 c6 12. Ba4 Ng6 13. Ng3 h6 ({RR} 13... Qc7 14. Bc2 Rad8 15. d4 d5 16. Nxe5 Nxe5 17. Bf4 Nfd7 18. exd5 Bxd5 19. dxe5 Nc5 20. Qg4 Ne6 21. Be3 Bxe3 22. Rxe3 g6 23. Nh5 Kh8 24. Nf6 Qb6 25. Qh4 h5 26. Nxh5 Rfe8 27. Nf6+ Kg7 28. Qh7+ {1-0 Buchenau,F (2190)-Dubnevych,M (2267) Titled Tue 6th Aug Early 2024 (2)}) 14. Bc2 Qd7 $146 ({RR} 14... Qc7 15. d4 Rad8 16. Be3 Bb8 17. Bd3 Rfe8 18. Qc2 ({RR} 18. Qd2 d5) 18... Qe7 ({RR} 18... d5 19. exd5 Bxd5 20. Bxg6) 19. Rad1 Bc7 20. c4 Bc8 ({RR} 20... Nf4 21. Bf1 ({RR} 21. Bxf4 exf4 22. Nf5 Bxf5 23. exf5 Qd7) 21... N4h5 ({RR} 21... g6 22. Nf5 Qf8 ({RR} 22... gxf5 23. exf5 Nxh3+ 24. gxh3 Bc8 25. Bxh6) 23. Nxd6 Rxd6 ({RR} 23... Bxd6 24. dxe5) 24. Bxf4 exf4 25. e5) 22. Ne2 g5) 21. a3 exd4 ({RR} 21... Nf4) 22. Nxd4 Qf8 23. f4 Nd7 24. Qf2 Nf6 25. Nf3 Re7 26. Kh1 Kh8 27. Bc2 Ree8 28. b4 axb4 29. axb4 {1-0 Karjakin,S (2769)-Tomashevsky,E (2728) Tata Steel-A 78th 2016 (4)}) ({RR} 14... d5 15. exd5 Qxd5 16. Bb3 Qd6 17. Bxe6 Qxe6 18. d4 e4 19. Nd2) ({RR} 14... b5 15. d4 ({RR} 15. a4 b4 16. d4 Re8 17. Be3 Qc7 18. Qd2 Rab8) 15... a4) ({RR} 14... b5 15. d4 b4 16. Be3 Qc7 17. Qd2 Rab8 18. Nf5 bxc3 19. bxc3 Rb2 20. Qc1 Rfb8 21. Bb3 Bxb3 22. Qxb2 Bd5 23. Qa3 Bxe4 24. Qxd6 Qxd6 25. Nxd6 Bxf3 26. dxe5 Bxe3 27. Rxe3 Nd5 28. Rxf3 Nxe5 29. Rg3 {1-0 Perossa,N (2330)-Bolat,I (2088) World Youth Open U14 2023 (7.10)}) 15. d4 b5 16. Be3 Rfd8 17. Qd2 a4 18. a3 Qe8 19. Rad1 Qf8 20. Qc1 Rac8 21. Nf5 Bb8 22. Re2 Bc4 23. Red2 d5 24. Nxe5 Nxe5 25. dxe5 Bxe5 26. f4 Bc7 27. e5 Nd7 28. Re1 Re8 29. Qd1 c5 30. Nxh6+ gxh6 31. Qg4+ Qg7 32. Qxd7 Red8 33. Qe7 Bb6 34. Bf2 d4 35. Bf5 Bd5 36. g4 Rb8 37. cxd4 Ba5 38. Red1 Bxd2 39. Rxd2 c4 40. Bh4 b4 41. axb4 Qf8 42. Rc2 Qxe7 43. Bxe7 Re8 44. Bc5 Rb7 45. Rc3 Reb8 46. Bc2 Rxb4 47. Bxb4 Rxb4 48. f5 Rxb2 49. Bxa4 Rd2 50. Bb5 Rxd4 51. Kf2 Re4 52. Re3 Rxe3 53. Kxe3 Bg2 54. Bxc4 Bxh3 55. Kf3 h5 56. gxh5 Bxf5 57. Kf4 Bc2 58. Kg5 Bd1 59. h6 Ba4 60. Kf6 Kh7 61. Bxf7 Kxh6 62. e6 Bb5 63. e7 Ba4 64. Bc4 Be8 65. Bd5 Ba4 66. Kf7 Kg5 67. Kg7 Bb5 68. Bf7 Ba4 69. Kf8 Kf6 70. Be8 Bc2 71. Bb5 Bg6 72. Bd3 Bh5 73. e8=R Bxe8 74. Kxe8 1/2-1/2

[Event "Olympiad Women 2024"]
[Site "Budapest HUN"]
[Date "2024.09.15"]
[Round "5.5"]
[Board "4"]
[White "Khotenashvili, Bella"]
[Black "Malikova, Marjona"]
[Result "1-0"]
[WhiteElo "2432"]
[BlackElo "2083"]
[PlyCount "139"]
[EventDate "2024.09.11"]
[WhiteTeam "Georgia"]
[BlackTeam "Uzbekistan"]
[WhiteTeamCountry "GEO"]
[BlackTeamCountry "UZB"]

1. d4 d5 2. Bf4 Nf6 3. Nf3 e6 4. e3 Bd6 5. Ne5 O-O 6. Nd2 c5 7. c3 Nc6 8. Bd3 Qc7 9. Ndf3 Ne4 10. O-O f6 11. Nxc6 Bxf4 12. exf4 Qxc6 ({RR} 12... bxc6 13. Qc1 Rb8 14. Re1 cxd4 15. cxd4 c5 16. b3 Qe7 17. Qa3 Qc7 18. Rac1 Qxf4 19. dxc5 Rb7 20. Qa4 Rd8 21. Red1 Rbd7 22. c6 Rd6 23. Qxa7 e5 24. Qe3 g5 25. b4 Bg4 26. c7 {1-0 Eljanov,P (2695)-Sjugirov,S (2705) TCh-HUN 2023-24 (4.1)}) 13. Qe2 $146 ({RR} 13. Re1 b6 14. Nd2 Nxd2 15. Qxd2 c4 16. Bc2 f5 17. Re5 Bd7 18. h3 g6 19. Kh2 Qd6 20. Rae1 Rf6 21. Bd1 b5 22. Bf3 Raf8 23. b3 a5 24. g3 Rc8 25. bxc4 bxc4 26. Rb1 Rb8 27. Rxb8+ Qxb8 {½-½ Sengupta,D (2494)-Tillyaev,U (2286) Sahibkiran Amir Temur Cup 2024 (3.5)}) ({RR} 13. Re1 b6 14. Qe2 Bb7 15. Rad1 a6 16. dxc5 bxc5 17. Bxe4 dxe4 18. Nd2 Rad8 19. Nb3 Rd5 20. c4 Rd3 21. Rxd3 exd3 22. Qxe6+ Qxe6 23. Rxe6 d2 24. Nxd2 Rd8 25. Re2 Be4 26. f3 Bd3 27. Re1 Rd4 {1-0 Miller,E (2353)-Boettcher,F (1820) Baden-Baden Faschingsopen 2024 (1.10)}) ({RR} 13. Re1 c4 14. Bxe4 dxe4 15. Nd2 f5 16. f3 exf3 17. Qxf3 Qb5 18. Rab1 Qa4 19. a3 Rb8 20. Qd1 Qxd1 21. Rbxd1 b5 22. Re5 Bd7 23. Kf2 Rfc8 24. Nf3 h6 25. d5 exd5 26. Rdxd5 Bc6 27. Rd6 Be4 {½-½ Rosen,E (2360)-Sachdev,T (2399) I'M Not A GM Speed Chess blitz 2022 (1.17)}) 13... Nd6 14. Qc2 f5 15. dxc5 Qxc5 16. Nd4 Bd7 17. Rfe1 Rae8 18. Re3 Nf7 19. Rae1 Qd6 20. Qe2 Nd8 21. g3 a6 22. h4 g6 23. Bc2 Rf6 24. Bb3 Re7 25. Qd1 b5 26. Nf3 Rg7 27. Qd4 Rf8 28. Ng5 h6 29. Nf3 Kh7 30. Qd1 Nc6 31. a4 Rb8 32. axb5 axb5 33. Bc2 Qc5 34. b4 Qd6 35. Bd3 Qc7 36. Qe2 Qb6 37. Rd1 Qb7 38. h5 gxh5 39. Rxe6 Bxe6 40. Qxe6 Ne7 41. Bxf5+ Nxf5 42. Qxf5+ Kh8 43. Qxh5 Qb6 44. Kg2 Rf8 45. Rd4 Qd6 46. Ne5 Kh7 47. Qf3 Rd8 48. Qd3+ Kh8 49. Qxb5 Qc7 50. Qd3 Qb7 51. f5 Rd6 52. Ng6+ Kg8 53. Qe3 Qf7 54. Qxh6 Rh7 55. Qg5 Qg7 56. Ne7+ Kf8 57. Qxg7+ Rxg7 58. Nxd5 Ra6 59. g4 Ra2 60. Kg3 Rga7 61. g5 Kg7 62. Re4 Kf7 63. f3 Ra1 64. Rh4 Rg1+ 65. Kf4 Raa1 66. g6+ Kg7 67. Rh7+ Kf8 68. Rf7+ Ke8 69. Nf6+ Kd8 70. g7 1-0

[Event "Olympiad Women 2024"]
[Site "Budapest HUN"]
[Date "2024.09.15"]
[Round "5.6"]
[Board "2"]
[White "Yildiz Kadioglu, Betul Cemre"]
[Black "Socko, Monika"]
[Result "1/2-1/2"]
[WhiteElo "2314"]
[BlackElo "2422"]
[PlyCount "74"]
[EventDate "2024.09.11"]
[WhiteTeam "Turkiye"]
[BlackTeam "Poland"]
[BlackTeamCountry "POL"]

1. e4 e6 2. d4 d5 3. Bd3 dxe4 4. Bxe4 Nf6 5. Bf3 Bd6 6. Ne2 O-O 7. Nbc3 c5 ({RR} 7... c6 8. Bg5 Nbd7 9. Qd2 Qa5 10. O-O-O Nd5 11. Nxd5 Qxd2+ 12. Rxd2 cxd5 13. Bf4 Bb4 14. c3 Be7 15. Ng3 b5 16. Re1 Nb6 17. Nf5 Bf6 18. Nd6 Bd7 19. Be2 Nc4 20. Nxc4 bxc4 21. Bd6 Rfc8 22. f4 {0-1 Onischuk,V (2612)-Nikolic,P (2603) Wch Rapid Berlin 2015 (2)}) ({RR} 7... Re8 8. Nb5 a6 9. Nxd6 cxd6 10. O-O Nc6 11. c3 d5 12. Bf4 e5 13. dxe5 Nxe5 14. Nd4 Ng6 15. Bg5 Re5 16. Qd2 h6 17. Bxf6 Qxf6 18. Rfe1 Nh4 19. Rxe5 Qxe5 20. Re1 Qf6 21. Re8+ Kh7 22. Bxd5 {1-0 Onischuk,V (2619)-Banerjee,S (2115) Titled Tue 11th Jun Late 2024 (4)}) 8. O-O $146 ({RR} 8. Be3 Nc6 9. dxc5 Bc7 10. Qxd8 Rxd8 11. Nb5 Bb8 12. Bxc6 bxc6 13. Nbd4 Bb7 14. O-O-O Bc7 15. Nf3 Nd5 16. Bg5 f6 17. Bd2 Kf7 18. c4 Ne7 19. Bc3 a5 20. b3 a4 21. Kb2 axb3 22. axb3 g5 {1-0 Karas,M (2240)-Zhuk,I (2035) European Blitz 2022 (10.84)}) 8... cxd4 9. Nxd4 a6 10. Be3 Qc7 11. g3 Rd8 12. Qe2 e5 13. Nb3 Be6 14. Rfd1 Nc6 15. Bg5 Be7 16. Bxf6 Bxf6 17. Nd5 Bxd5 18. Bxd5 Nd4 19. Nxd4 exd4 20. Bb3 a5 21. a4 g6 22. Rd3 Re8 23. Qg4 Qc6 24. Qf3 Re4 25. Rad1 Rae8 26. c3 Re1+ 27. Rxe1 Rxe1+ 28. Kg2 Qxf3+ 29. Rxf3 dxc3 30. bxc3 Kg7 31. Bd5 b6 32. c4 Re7 33. Re3 Rxe3 34. fxe3 Bc3 35. Kf3 f5 36. e4 Kf6 37. exf5 gxf5 1/2-1/2